000 00580nam a2200229Ia 4500
005 20260320201526.0
008 008 262003s9999 xx 000 0 eng d
037 _aEBOOK
040 _aCRL
040 _beng
040 _cCRL
041 _2eng
041 _aeng
084 _qCRL
100 _aAltman
245 0 _aWorkforce Ecosystems: Reaching Strategic Goals with People, Partners, and Technologies
260 _bIEEE
856 _uhttps://ieeexplore.ieee.org/servlet/opac?bknumber=10125106
942 _cEBOOK
999 _c1721787
_d1721787